Vainqueur Ligue A - Statistiques

Statistiques générales
  • Ce quiz a été pris 15 fois
  • Le résultat moyen est 27 sur 89
Statistiques - réponses
Année Réponse % Correct
2020 Annulée
100%
1940 Non disputé
100%
1944 Non Terminé
100%
2022 Montpellier HSC
60%
1947 Montpellier UC
60%
1949 Montpellier UC
60%
1950 Montpellier UC
60%
1951 Montpellier UC
60%
1972 Montpellier UC
60%
1973 Montpellier UC
60%
1975 Montpellier UC
60%
2004 Tours VB
53%
2010 Tours VB
53%
2012 Tours VB
53%
2013 Tours VB
53%
2014 Tours VB
53%
2015 Tours VB
53%
2018 Tours VB
53%
2019 Tours VB
53%
2023 Tours VB
53%
2025 Tours VB
53%
1939 VBC de France
53%
1981 AS Cannes
47%
1982 AS Cannes
47%
1983 AS Cannes
47%
1986 AS Cannes
47%
1990 AS Cannes
47%
1991 AS Cannes
47%
1994 AS Cannes
47%
1995 AS Cannes
47%
2005 AS Cannes
47%
2021 AS Cannes
47%
1942 RC Cannes
47%
1999 Stade poitevin
40%
2011 Stade poitevin
40%
2017 Chaumont VB
33%
1985 AS Grenoble
27%
1942 RC France
27%
1946 RC France
27%
1948 RC France
27%
1964 RC France
27%
1969 RC France
27%
1970 RC France
27%
1971 RC France
27%
1977 RC France
27%
1978 RC France
27%
1941 Paris UC
20%
1943 Paris UC
20%
1962 Paris UC
20%
1963 Paris UC
20%
1967 Paris UC
20%
1968 Paris UC
20%
1996 Paris UC
20%
1997 Paris UC
20%
1998 Paris UC
20%
2024 Saint-Nazaire VBA
20%
1965 Asnières Sports
13%
1966 Asnières Sports
13%
1979 Asnières Sports
13%
1980 Asnières Sports
13%
1984 Asnières Sports
13%
1993 Asnières Sports
13%
1976 VGA Saint-Maur
13%
1987 AS Fréjus
7%
1988 AS Fréjus
7%
1989 AS Fréjus
7%
1992 AS Fréjus
7%
1959 CAS BNCI Alger
7%
1954 CO Billancourt
7%
1955 CO Billancourt
7%
1956 CO Billancourt
7%
2000 Paris Volley
7%
2001 Paris Volley
7%
2002 Paris Volley
7%
2003 Paris Volley
7%
2006 Paris Volley
7%
2007 Paris Volley
7%
2008 Paris Volley
7%
2009 Paris Volley
7%
2016 Paris Volley
7%
1938 SS Amicale
7%
1945 Stade français
7%
1952 Stade français
7%
1953 Stade français
7%
1957 Stade français
7%
1958 Stade français
7%
1960 Stade français
7%
1961 Stade français
7%
1974 Stade français
7%
Aucun quiz correspondant
Distribution des résultats
% des personnes avec chaque résultat
Percentile par nombre de réponses
Votre historique - résultats
Vous n’avez pas pris ce quiz